| 000 | 00625nam a22002297a 4500 | ||
|---|---|---|---|
| 001 | 00028704 | ||
| 005 | 20260406093357.0 | ||
| 008 | 260406b ag ||||| |||| 00| 0 spa d | ||
| 020 | _a8476400756 | ||
| 040 |
_aAR-CcCEOS _bspa _cAR-CcCEOS |
||
| 041 | _aspa | ||
| 080 | _a82(100)-09 | ||
| 090 | _bALO t.3 | ||
| 100 | 1 |
_aAlonso, Martín _91016 |
|
| 245 | 1 | 5 |
_aHistoria de la Literatura Mundial : _bTomo III / _cMartin Alonso |
| 250 | _a3ª ed. corr. y aum. | ||
| 264 |
_aMadrid : _bEdaf, _cc1966. |
||
| 300 |
_a1965 p. ; _c24x15 cm. |
||
| 490 | _vTomo III | ||
| 650 | 0 |
_ahistoria _990 _vliteratura |
|
| 942 |
_2udc _cBK _n0 |
||
| 999 |
_c28737 _d28737 |
||